| 000 | 01061 a2200241 4500 | ||
|---|---|---|---|
| 001 | 49429 | ||
| 005 | 20260407155757.0 | ||
| 008 | 260407a2003 arg spa d | ||
| 003 | AR-UNSa-BCEJYS | ||
| 040 |
_aAR-UNSa-BCEJYS _bspa _cAR-UNSa-BCEJYS |
||
| 080 |
_a658.012.2 _xPlanificación. Programas. Planes. Medidas de apoyo a la planificación( Administración estratégica...) |
||
| 245 | 1 | 0 |
_aSafari a la estrategia _puna visita guiada por la jungla del management estratégico |
| 020 | _a950-641-291-X | ||
| 264 | 1 |
_aBuenos Aires : _bGranica _c2003 |
|
| 300 |
_a511 p. _c22 cm. |
||
| 505 | _a1. "Y ante ustedes, damas y caballeros, la bestia del management estratégico" - 2. La escuela de diseño - 3. La escuela de planificación - 4. La escuela de posicionamiento - 5. La escuela empresarial - 6. La escuela cognoscitiva - 7. La escuela de aprendizaje - 8. La escuela de poder. | ||
| 041 | _aspa | ||
| 942 | _cBK | ||
| 590 | _aniveau_biblio:m niveau_hierar:0 | ||
| 100 | 1 | _aMintzberg, Henry | |
| 700 | 1 | _aAhlstrand, Bruce | |
| 700 | 1 | _aLampel, Joseph | |
| 999 |
_c4840 _d4840 |
||